000 00666nam a2200229Ia 4500
003 OSt
005 20240322101919.0
008 210210b2017 xxu||||| |||| 00| 0 eng d
020 _a9789382159933
040 _cAL
041 _aHindi
082 _aH491.072 KAMS
100 _aKAMSAL (Sarojni)
_dसरोजिनी कंसल
_9156243
245 _aShodh evam PHD kaise kare? Bhag 2
_bशोध एवं पि एच डी कैसे करे ? भाग २
260 _aJaipur
_b-
_c2017
300 _avi,241
440 _a2
_9156244
650 _aresearch
_9156245
690 _aHindi Language
_9156246
906 _a071762
942 _2ddc
_cBK
999 _c121463
_d121463